书目信息 |
| 题名: |
现代硫酸生产操作与技术指南
|
|
| 作者: | 孙治忠 主编 | |
| 分册: | ||
| 出版信息: | 北京 化学工业出版社 2016.2 |
|
| 页数: | 344页 | |
| 开本: | 24cm | |
| 丛书名: | ||
| 单 册: | ||
| 中图分类: | TQ111.16- | |
| 科图分类: | ||
| 主题词: | 硫酸生产--生产工艺--指南 | |
| 电子资源: | ||
| ISBN: | 978-7-122-25750-5 | |
| 000 | 01096nam0 2200229 450 | |
| 001 | 0400004389 | |
| 005 | 20171023183734.0 | |
| 010 | @a978-7-122-25750-5@dCNY88.00 | |
| 100 | @a20160202d2016 em y0chiy50 ea | |
| 101 | 0 | @achi |
| 102 | @aCN@b110000 | |
| 105 | @aa z 000yy | |
| 106 | @ar | |
| 200 | 1 | @a现代硫酸生产操作与技术指南@9xian dai liu suan sheng chan cao zuo yu ji shu zhi nan@b专著@f孙治忠主编 |
| 210 | @a北京@c化学工业出版社@d2016.2 | |
| 215 | @a344页@c图@d24cm | |
| 330 | @a本书以烟气制酸工艺流程为主线,分12章论述了烟气输送单位、净化单元、转化单元、干吸单元、升温电炉单元、风机单元、余热锅炉单元、尾气吸收单元、软水和循环水单元、硫酸成品库单元、通用单元、电气仪表单元,就所涉及到的仪器设备、工艺流程、生产技术与条件、调试、操作、安全等方面进行了详细讲解。全书以一问一答的编排形式,提炼出598个问题,涉及基本概念、设备组成与构造、设备运行原理、生产过程中常见问题的产生原因和处理方法、安全保障。 | |
| 606 | 0 | @a硫酸生产@x生产工艺@j指南 |
| 690 | @aTQ111.16-@v5 | |
| 701 | 0 | @a孙治忠@9sun zhi zhong@4主编 |
| 801 | 0 | @aCN@b91MARC@c20171023 |
| 905 | @b1034636-40@dTQ111.16-@f5@e37 | |
| 现代硫酸生产操作与技术指南/孙治忠主编.-北京:化学工业出版社,2016.2 |
| 344页:图;24cm |
| ISBN 978-7-122-25750-5:CNY88.00 |
| 本书以烟气制酸工艺流程为主线,分12章论述了烟气输送单位、净化单元、转化单元、干吸单元、升温电炉单元、风机单元、余热锅炉单元、尾气吸收单元、软水和循环水单元、硫酸成品库单元、通用单元、电气仪表单元,就所涉及到的仪器设备、工艺流程、生产技术与条件、调试、操作、安全等方面进行了详细讲解。全书以一问一答的编排形式,提炼出598个问题,涉及基本概念、设备组成与构造、设备运行原理、生产过程中常见问题的产生原因和处理方法、安全保障。 |
| ● |
| 相关链接 |
|
|
|
|
正题名:现代硫酸生产操作与技术指南
索取号:TQ111.16-/37
 
预约/预借
| 序号 | 登录号 | 条形码 | 馆藏地/架位号 | 状态 | 备注 |
| 1 | 1034636 | 210346366 | 第二样本阅览室/ [索取号:TQ111.16-/37] | 在馆 | |
| 2 | 1034637 | 210346375 | 密集书库-化学系/ [索取号:TQ111.16-/37] | 在馆 | |
| 3 | 1034638 | 210346384 | 第三借阅区/ [索取号:TQ111.16-/37] | 在馆 | |
| 4 | 1034639 | 210346393 | 第三借阅区/ [索取号:TQ111.16-/37] | 在馆 | |
| 5 | 1034640 | 210346400 | 第三借阅区/ [索取号:TQ111.16-/37] | 在馆 |